000 00271nam a22001217a 4500
008 170621b xxu||||| |||| 00| 0 eng d
041 _aeng
080 _a94
100 _a16
101 _aSHH
245 _aTHE LIMITS OF COERCIVE DIPLOMACY
_cGEORGE,A.L
942 _2udc
_cBK
999 _c18509
_d18509